000 00697nam a2200229Ia 4500
003 OSt
005 20220926040626.0
006 a|||||r|||| 00| 0
007 ta
008 220923b |||||||| |||| 00| 0 eng d
037 _cGeneral Book
040 _aRTL
_cRTL
_beng
041 _2eng
_aeng
082 _aX:77.933.N6, K5
110 _aInternational Bank for Reconstruction and Development
_9122816
245 0 _aEconomic development of the territory of Papua and
260 _c1965
650 _aEconomic Development
_917300
700 _aInternational Bank for Reconstruction and Development
_9122817
942 _hX:77.933.N6, K5
_cGB
_2CC
999 _c665270
_d665270